Controlling a jeho úloha v systéme riadenia rizík v medzinárodnej firme bakalárska práca

Guardado en:
Detalles Bibliográficos
Autor principal: Kajlová, Katarína
Autor Corporativo: Obchodná fakulta EU. Katedra medzinárodného obchodu
Otros Autores: Steinhauser, Dušan, 1988-
Formato: Libro
Lenguaje:eslovaco
Publicado: Bratislava 2016
Etiquetas: Agregar Etiqueta
Sin Etiquetas, Sea el primero en etiquetar este registro!

MARC

LEADER 00000nbm a2200000 4500
001 0218713
005 20170123110908.1
041 0 |a slo 
044 |a SK 
245 1 0 |a Controlling a jeho úloha v systéme riadenia rizík v medzinárodnej firme  |b bakalárska práca  |c Katarína Kajlová ; školiteľ: Dušan Steinhauser 
264 1 |a Bratislava  |c 2016 
300 |a 45 s. 
100 1 |a Kajlová, Katarína 
700 1 |a Steinhauser, Dušan, 1988- 
710 2 |a Obchodná fakulta EU. Katedra medzinárodného obchodu